The Holy Land : (Record no. 1366)

MARC details
000 -LEADER
fixed length control field 00680cam a2200241Ia 4500
003 - CONTROL NUMBER IDENTIFIER
control field data
005 - DATE AND TIME OF LATEST TRANSACTION
control field 20260322212057.0
008 - FIXED-LENGTH DATA ELEMENTS--GENERAL INFORMATION
fixed length control field data
020 ## - INTERNATIONAL STANDARD BOOK NUMBER
International Standard Book Number 0760722153
020 ## - INTERNATIONAL STANDARD BOOK NUMBER
International Standard Book Number 9780760722152
040 ## - CATALOGING SOURCE
Original cataloging agency WDG
Transcribing agency WDG
Modifying agency OCLCQ
043 ## - GEOGRAPHIC AREA CODE
Geographic area code a-is---
050 #4 - LIBRARY OF CONGRESS CALL NUMBER
Classification number DS111
Item number .B68 2004
082 04 - DEWEY DECIMAL CLASSIFICATION NUMBER
Classification number 933
Item number BOU
092 ## - LOCALLY ASSIGNED DEWEY CALL NUMBER (OCLC)
Classification number 933 Bou 2004
001 - CONTROL NUMBER
control field data
100 1# - MAIN ENTRY--PERSONAL NAME
Personal name Bourbon, Fabio.
245 14 - TITLE STATEMENT
Title The Holy Land :
Remainder of title guide to the archaeological sites and historical monuments /
Statement of responsibility, etc. Fabio Bourbon & Enrico Lavagno.
260 ## - PUBLICATION, DISTRIBUTION, ETC.
Place of publication, distribution, etc. New York :
Name of publisher, distributor, etc. Barnes & Noble Books,
Date of publication, distribution, etc. 2001.
300 ## - PHYSICAL DESCRIPTION
Extent 227 p. :
Other physical details col. ill. ;
Dimensions 30 cm.
651 #0 - SUBJECT ADDED ENTRY--GEOGRAPHIC NAME
Geographic name Palestine
General subdivision Antiquities
Form subdivision Guidebooks.
700 1# - ADDED ENTRY--PERSONAL NAME
Personal name Lavagno, Enrico.
Holdings
Withdrawn status Lost status Damaged status Not for loan Home library Current library Shelving location Date acquired Total checkouts Full call number Barcode Date last seen Price effective from Koha item type
        Pleasant Valley Pleasant Valley General stacks 22/03/2026   933 BOU BC0011412 22/03/2026 22/03/2026 Books